Statistics for GK Quiz #1

Click here to take the quiz!

General Stats

  • This quiz has been taken 44 times
  • The average score is 6 of 15

Answer Stats

QuestionsAnswer% Correct
Actually what land did Christopher Columbus found?United states of America
95%
Which land did Cristopher Columbus thought that he found?India
78%
Which can be the easiest way to drive into a piece of wood - a) Nail b) ScrewScrew
78%
Who is the CEO of Amazon?Jeff Bezos
73%
Who is the CEO of google?Sundar Pichai
63%
Who is the CEO of MICROSOFT?Bill Gates
58%
How many Vedas were in the Vedic civilization?4
53%
Who laid the foundation of Mauryan Empire?Chandragupta Maurya
40%
Who covered half of the world?Alexander the great
33%
Who was the first VICEROY of India?Lord Canning
20%
Which organization gives cash price 50000 rupees for 1st rank in international?SOF
13%
Nut Cracker is example of what class of lever?Second class Lever
10%
What civilization flourished in India after Indus Valley Civilization?Vedic Civilization
10%
Who was the last governor general of DOMAIN INDIA?C. Rajagopalachari
8%
Who won the 1st battle of Panipat?Rajput King Prithviraj
8%

Score Distribution

Percentile by Number Answered

Percent of People with Each Score

Your Score History

You have not taken this quiz